| 000 | 01543cam a2200349 a 4500 | ||
|---|---|---|---|
| 001 | EDZ0000158166 | ||
| 003 | StDuBDS | ||
| 005 | 20161031105233.0 | ||
| 006 | m||||||||d|||||||| | ||
| 007 | cr ||||||||||| | ||
| 008 | 130912s2006 caua fo| 001|0|eng d | ||
| 020 |
_a9781483329451 (ebook) : _cNo price |
||
| 040 |
_aStDuBDS _beng _cStDuBDS _epn |
||
| 049 | _aAlfaisal Main Library | ||
| 050 | 0 |
_aLB3013 _b.B62 2006 |
|
| 082 | 0 | 4 |
_a371.1024 _223 |
| 100 | 1 | _aBosch, Karen A. | |
| 245 | 1 | 0 |
_aPlanning classroom management _h[electronic resource] : _ba five-step process to creating a positive learning environment / _cKaren Bosch. |
| 250 | _a2nd ed. | ||
| 260 |
_aThousand Oaks, Calif. : _bCorwin, _c2006. |
||
| 300 |
_a1 online resource (xv, 159 p.) : _bill. |
||
| 504 | _aIncludes bibliographical references and index. | ||
| 520 | 8 | _aBosch helps pre-service and experienced teachers develop classroom management plans tailored to their needs and skills. She discusses a five-step process that includes introspection classroom observation, plan development, implementation, and plan revision. Worksheets are included to guide each step of the process. | |
| 521 | _aSpecialized. | ||
| 588 | _aDescription based on print version record. | ||
| 650 | 0 |
_aClassroom management _xPlanning. |
|
| 655 | 7 |
_aElectronic books. _2local |
|
| 710 | 2 | _aSage eBooks | |
| 776 | 0 | 8 |
_iPrint version : _z9781412937672 |
| 856 | 4 | 0 | _uhttp://ezproxy.alfaisal.edu/login?url=http://sk.sagepub.com/books/planning-classroom-management |
| 942 |
_2lcc _cEBOOKS |
||
| 999 |
_c482392 _d482392 |
||